000 01144aab a2200229 i 4500
001 768714001
003 CO-MdFUSB
005 20250722114120.0
008 240418t1987 ag ||||| |||| 00| 0 spa d
040 _bspa
_cCO-MdFUSB
041 _aspa
100 1 _aGriffiths, Víctor J.
_eautor
245 _aComo una sola persona
_c/ Víctor J. Griffiths
300 _aVolumen 6, número 1 (marzo, 1987), página: 29
_c; 27 cm
520 _aLa soledad, distancia, insatisfacción y decepción, son palabras que describen la experiencia matrimonial de muchas parejas, incluso cristianas. ¿Por qué estamos en esta situación ahora? Sucede que hemos pasado por alto el objetivo principal del matrimonio: *Por esto el hombre deja a su padre y a su madre, para venir a su mujer y ser una sola persona." (Génesis 2,24). Este artículo trae algunas reflexiones que ayudarán a mejorar la relación de pareja.
650 7 _aMatrimonio
_9300
650 0 _aFamilias
_9292
650 0 _aVida cristiana
_919
773 0 _tIglesia y Misión
_049402
_959679
_gVolumen 6, número 1 (marzo, 1987), página: 29
_qpágina: 29
942 _cANA
945 _aJTF-925
999 _c51691
_d51691